Places in Harry Potter (with Pics) Quiz Stats

 Plays Quiz not verified by Sporcle

Challenge
Share
Tweet
Score 0/11 Timer 05:00
0 Plays Today
Picture Place % Correct
2.The Burrow
95.4%
5.Hogwarts
93.8%
3.Diagon Alley
91.9%
1.Azkaban
91.8%
6.The Forbidden Forest
89.5%
9.Hogwarts Library
78.1%
4.12 Grimmauld Place
71.4%
11.The Shrieking Shack
57.4%
7.The Prefects Bathroom
43.5%
10.The Quidditch World Cup Stadium
40.2%
8.The Riddle House
33.1%

You're not logged in!

Compare scores with friends on all Sporcle quizzes.
OR
Log In

You Might Also Like...

Show Comments

Extras

Top Quizzes Today


Score Distribution

Your Account Isn't Verified!

In order to create a playlist on Sporcle, you need to verify the email address you used during registration. Go to your Sporcle Settings to finish the process.

Report this User

Report this user for behavior that violates our Community Guidelines.

Details: